000 00374nam a22001337a 4500
008 230602b xxu||||| |||| 00| 0 eng d
082 _a967.3262
_bBOG
100 _d1980
245 _aKenya 1945-1963
_bA Study in African National Movements
_cSorobea N. Bogonko
260 _aNairobi
_bKenya Literature Bureau
_c1980
300 _a302 p
500 _aIt has maps.
942 _2ddc
_cBK
999 _c91
_d91